00516nam a2200157Ia 4500008004100000041000800041082001600049100001900065245003400084260002800118300000800146365001300154906003800167999001900205952013400224210423s1996 xx 000 0 und d aeng a658.45 BAHS aBAHL (Sushil). aBusiness communication today. bSage Publicationsc1996 a199 b260cINR aBusiness ; communication ; today. c156290d156290 001040708MAJMCaSACPGbSACPGd2008-10-10eAthulya Booksg260.00l0o658.45 BAHSpPG002763r2022-08-24 00:00:00w2021-04-26yBK